000 00275 a2200121 4500
020 _a8181310985
040 _bENG
082 _a030.1(03) BRI
245 _aBritanica Ready Reference Encyclopedia
260 _bEncyclopedia Britanica,Inc.
300 _aVol 1to10
942 _cREF
999 _c4965
_d4960